000
00198nam a22000977a 4500
008
210707s2003 xx 000 0 und d
041
_a
eng
082
_a
052 RAKN
245
_a
Rakno
260
_c
2003
999
_c
179302
_d
179302